Statistics for Countries by First Two Letters of Capitals and Borders in 120 Seconds

Click here to take the quiz!

General Stats

  • This quiz has been taken 1,356 times
  • The average score is 152 of 157

Answers on the Map

Answers color-coded by a green-red scale on the quiz's map according to % correct below.
Loading ...
 

Answer Stats

Country% Correct
Lithuania
100%
France
100%
Germany
100%
Argentina
100%
Poland
100%
Ukraine
100%
Russia
100%
Belarus
100%
China
100%
Brazil
100%
Afghanistan
99%
Nepal
99%
Mozambique
99%
Mongolia
99%
Mexico
99%
Mali
99%
Lesotho
99%
Luxembourg
99%
Libya
99%
Laos
99%
Kazakhstan
99%
Italy
99%
Israel
99%
India
99%
Hungary
99%
Guyana
99%
Guinea
99%
Netherlands
99%
Peru
99%
Niger
99%
Switzerland
99%
Zambia
99%
Venezuela
99%
Uruguay
99%
United States
99%
United Kingdom
99%
Turkey
99%
Tanzania
99%
Syria
99%
Swaziland
99%
North Korea
99%
Sudan
99%
Spain
99%
South Africa
99%
Slovakia
99%
Serbia
99%
Saudi Arabia
99%
Romania
99%
Pakistan
99%
Norway
99%
Guatemala
99%
Zimbabwe
99%
Bulgaria
99%
Azerbaijan
99%
Myanmar
99%
Bolivia
99%
Bhutan
99%
D. R. Congo
99%
Czech Republic
99%
Cameroon
99%
Belgium
99%
Burkina Faso
99%
Croatia
99%
Côte d'Ivoire
99%
Costa Rica
99%
Chile
99%
Colombia
99%
Finland
99%
Austria
99%
Paraguay
98%
Namibia
98%
Portugal
98%
Morocco
98%
Nicaragua
98%
Montenegro
98%
Rep. of the Congo
98%
Malawi
98%
Macedonia
98%
Denmark
98%
Panama
98%
Georgia
98%
Botswana
98%
Canada
98%
Somalia
98%
Algeria
98%
Vietnam
98%
Gabon
98%
Ethiopia
98%
Honduras
98%
Estonia
98%
Iran
98%
Iraq
98%
Equatorial Guinea
98%
Tajikistan
98%
Benin
98%
Egypt
98%
Kenya
98%
Bosnia and
Herzegovina
98%
Latvia
98%
Togo
97%
Armenia
97%
South Sudan
97%
Oman
97%
Senegal
97%
Central African
Republic
97%
Ireland
97%
Nigeria
97%
Greece
97%
Jordan
97%
Liberia
97%
Kyrgyzstan
97%
Chad
96%
Suriname
96%
Kosovo
96%
Sweden
96%
Sierra Leone
96%
Belize
96%
Djibouti
96%
Thailand
96%
Indonesia
96%
Malaysia
96%
Bangladesh
96%
Cambodia
96%
Andorra
96%
Yemen
96%
El Salvador
95%
Haiti
95%
Lebanon
95%
Kuwait
95%
Ecuador
95%
Mauritania
95%
Dominican Republic
95%
Liechtenstein
95%
Sri Lanka
94%
Monaco
94%
Moldova
94%
Uzbekistan
94%
United Arab Emirates
94%
Turkmenistan
94%
Rwanda
94%
Albania
94%
Slovenia
94%
Tunisia
93%
San Marino
93%
Uganda
93%
Papua New Guinea
93%
Qatar
92%
Ghana
92%
South Korea
92%
Angola
92%
Guinea-Bissau
91%
Burundi
91%
Brunei
90%
Gambia
90%
Eritrea
88%
East Timor
87%
Vatican City
78%

Score Distribution

Percentile by Number Answered

Percent of People with Each Score

Your Score History

You have not taken this quiz